Central Library OPAC University of Rajshahi

বাঙ্গালার কীর্তন ও কীর্তনীয়া / (Record no. 56322)

MARC details
000 -LEADER
fixed length control field 00862nam a2200229 a 4500
001 - CONTROL NUMBER
control field 56322
003 - CONTROL NUMBER IDENTIFIER
rucl marc code BD-RjUL
005 - DATE AND TIME OF LATEST TRANSACTION
control field 20211209080400.0
008 - FIXED-LENGTH DATA ELEMENTS--GENERAL INFORMATION
fixed length control field 161128s1971 ii ||||| |||| 00| 0 ben d
020 ## - INTERNATIONAL STANDARD BOOK NUMBER
Terms of availability : IRs 10.00
035 ## - SYSTEM CONTROL NUMBER
System control number (BD-RjUL)56446
040 ## - CATALOGING SOURCE
Original cataloging agency BD-RjUL
Language of cataloging ben
Transcribing agency BD-RjUL
041 ## - LANGUAGE CODE
Language code of text/sound track or separate title ben
082 ## - DEWEY DECIMAL CLASSIFICATION NUMBER
Edition number 23
Classification number 891.441
Author mark and year MUB 1971
100 ## - MAIN ENTRY--PERSONAL NAME
Personal name মুখোপাধ্যায়, হরেকৃষ্ণ
9 (RLIN) 167591
245 10 - TITLE STATEMENT
Title বাঙ্গালার কীর্তন ও কীর্তনীয়া /
Statement of responsibility, etc. হরেকৃষ্ণ মুখোপাধ্যায়
260 ## - PUBLICATION, DISTRIBUTION, ETC. (IMPRINT)
Place of publication, distribution, etc. কলিকাতা :
Name of publisher, distributor, etc. সাহিত্য সংসদ,
Date of publication, distribution, etc. ১৯৭১
300 ## - PHYSICAL DESCRIPTION
Pagination ২৭৭ পৃ. ;
Size ২১ সেমি .
650 ## - SUBJECT ADDED ENTRY--TOPICAL TERM
Topical term or geographic name as entry element বাংলা কবিতা
9 (RLIN) 167592
Topical term or geographic name as entry element Bengali Poetry
9 (RLIN) 167593
942 ## - ADDED ENTRY ELEMENTS (KOHA)
Source of classification or shelving scheme Dewey Decimal Classification
Koha item type Books
Holdings
Lost status Source of classification or shelving scheme Damaged status Not for loan Collection code Permanent Location Current Location Shelving location Date acquired Source of acquisition Total Checkouts Full call number Date last seen Copy number Koha item type Cost, normal purchase price
  Dewey Decimal Classification     Non-fiction Central Library, University of Rajshahi Central Library, University of Rajshahi   15/08/1973 Varotio High Comissioner, Rajshahi   B 891.441 MUB 1971 28/11/2016 C-2 Books  
  Dewey Decimal Classification   Not For Loan Non-fiction Central Library, University of Rajshahi Central Library, University of Rajshahi Reading Room 28/04/1980 Cultural Centure of Island pub.   B 891.441 MUB 1971 09/03/2017 C-1 Books 10.00